Superiore 4 posizioni della Coppa del Mondo di Rugby - Statistics

Statistiche generali
  • Questo quiz è stato fatto 127 volte
  • Il punteggio medio è 7 su 8
Statistiche sulle risposte
superiore 4 vittorie nazione % Corretto
6 2 Australia
97%
6 0 Francia
96%
7 3 Nuova Zelanda
95%
4 1 Inghilterra
92%
4 2 Sudafrica
91%
1 0 Scozia
89%
2 0 Galles
88%
2 0 Argentina
83%
Nessun quiz corrispondente trovato
Distribuzione punteggi
Percentuale di utenti per punteggio
Percentile per numero di risposta
I tuoi punteggi nel tempo
Non hai fatto questo quiz